000 00256 a2200085 4500
020 _a9781032569888
100 _aStevens, N.J., Salmon, M.P., Walker, H.G., and Stanton, A.N.
245 _aHuman Factors in Land Use Planning and Design
260 _bRoutledge
_c2023
999 _c13188
_d13188